Erreichbare Städte von Hamburg Hauptbahnhof - Statistiken

Allgemein
  • Dieses Quiz wurde 103 mal gespielt
  • Das Durchschnittsergebnis liegt bei 33 aus 48
Antwortstatistiken
# Land Stadt % Korrekt
11 DE München
98%
6 DE Berlin
95%
5 DE Köln
95%
7 DE Bremen
91%
2 DE Düsseldorf
91%
7 DE Frankfurt
90%
12 DE Hannover
90%
4 DE Kiel
87%
2 AT Wien
87%
2 DE Stuttgart
86%
2 DE Dresden
85%
1 DK Kopenhagen
85%
3 DE Leipzig
84%
6 DE Nürnberg
84%
1 CZ Prag
83%
3 DE Dortmund
82%
2 AT Salzburg
78%
1 HU Budapest
77%
2 CH Zürich
77%
2 DE Rostock
75%
2 DE Essen
71%
3 CH Basel
70%
1 DE Bonn
69%
2 DE Freiburg
69%
3 DE Lübeck
69%
1 DE Duisburg
68%
2 DE Karlsruhe
67%
1 DE Mainz
67%
3 DE Kassel
66%
3 DE Mannheim
66%
3 DE Erfurt
63%
4 DE Augsburg
62%
5 DE Münster
62%
4 AT Innsbruck
61%
2 AT Linz
61%
2 DE Osnabrück
54%
6 DE Würzburg
54%
4 DE Göttingen
52%
1 DE Halle
52%
2 DE Ingolstadt
45%
1 DE Heidelberg
44%
2 DE Regensburg
44%
1 DE Koblenz
43%
1 CZ Brno
40%
1 DK Aarhus
39%
1 DE Gelsenkirchen
37%
1 IT Bozen
31%
1 IT Verona
30%
Keine übereinstimmenden Quizze gefunden
Verteilung der Resultate
Anzahl Personen mit jedem Resultat
Perzentil nach korrekt beantworteten Fragen
Ihre Resultats-Entwicklung
Sie haben dieses Quiz noch nicht gespielt